Дело о всемилостивейшем назначении в награду из хозяйственной суммы Департамента

Доступно только в Электронных читальных залах Найти на картеНа карте
RUSMARC
00004115nmc2a2200000 x 450
00188fbab0f-dc9b-4b65-9fae-36c32d0cf1fe
00520151215175208.0
100##$a20150828l18251825k l0rusy0189 ca
1010#$arus
102##$aRU
2001#$aДело о всемилостивейшем назначении в награду из хозяйственной суммы Департамента
$j1 апреля - 9 мая 1825 г.
251##$cДело
300##$aДело
300##$aОриг. заголовок дела: Дело об отсылке в Комитет увечных 200 рублей, утвержденных из 2000 рублей, выданных в награждение титулярному советнику Сербиновичу и губернскому секретарю Сеньку. 1 апреля 1825 г. - 9 мая 1825 г
801#0$aRU
$bРГИА
$c20150828
$gRCR
801#1$aRU
$bГлавНИВЦ
$c20150828
$2rusmarc
801#2$aRU
$bПБ им. Б.Н. Ельцина
$c20151215
$gRCR
$2rusmarc
850##$aРГИА
852##$aРГИА
$eФедеральное казенное учреждение "Российский государственный исторический архив" (РГИА)
$j56
937##$hРГИА
$d12091658
$aASBIBLIO_SCAN
462#0$1001a9fc4311-d96c-4d89-aedd-b49335c2f336
$12001
$aДела Хозяйственного отделения Департамента народного просвещения за 1824-1832 гг.
$1251
$cОпись
$1852
$j103
461#0$1001a74412a3-3cc5-4d21-8f0a-dfe2fbd9e72d
$12001
$aДепартамент народного просвещения Министерства народного просвещения
$1251
$cФонд
$1852
$j733
215##$a10 л.
$d36,5х26 см
371##$aДокумент не является опубликованным и широко распространяемым
105##$ay###
1222#$ad
5171#$aДело об отсылке в Комитет увечных 200 рублей, утвержденных из 2000 рублей, выданных в награждение титулярному советнику Сербиновичу и губернскому секретарю Сеньку. 1 апреля 1825 г. - 9 мая 1825 г
035##$a88fbab0f-dc9b-4b65-9fae-36c32d0cf1fe
Формат отображения